| 000 | 00330 a2200121 4500 | ||
|---|---|---|---|
| 001 | 63597 | ||
| 082 | _a297.63 MRA | ||
| 090 |
_c37592 _d37592 |
||
| 100 | _aMinistry of Religous Affairs Govt of Pakistan | ||
| 245 |
_aMessage of The Prophet _hEnglish |
||
| 260 | _bMinistry of Religous Affairs Govt of Pakistan | ||
| 300 | _a150p | ||
| 942 |
_aCAE NUST _k297.63 MRA |
||
| 999 |
_c298670 _d298670 |
||